| 000 | 00510nam a2200181Ia 4500 | ||
|---|---|---|---|
| 008 | 100921s9999 xx 000 0 und d | ||
| 082 |
_b8803 _a820 थ 37 |
||
| 100 | _aकेतकर श्रीधर व्यंकटेश. | ||
| 245 | _aVictoris India. | ||
| 260 |
_b--- _c1937 |
||
| 300 |
_a220 _b--- |
||
| 365 | _b0 | ||
| 520 | _aललित इंग्रजी. | ||
| 630 | _aVictoris India. | ||
| 650 | _aललित इंग्रजी. | ||
| 730 | _aVictoris India. | ||
| 942 | _cBOOK | ||
| 999 |
_c757916 _d757913 |
||